000
00316nam a22001457a 4500
003
SGT
020
_a
0-07-451770-8
082
_a
658.38
_b
I89M
100
_a
MONAPPA,ARUN
245
_a
INDUSTRIAL RELATIONS
260
_a
NEW DELHI
_b
TATA MC GRAW HILL
_c
1989
300
_a
388
650
_a
PHARMACY
942
_2
ddc
_c
BK
999
_c
11226
_d
11226